| 000 | 00818nam a22002177a 4500 | ||
|---|---|---|---|
| 999 |
_c10239 _d10239 |
||
| 003 | AR-CdUCM | ||
| 008 | 190329b ||||| |||| 00| 0 spa d | ||
| 040 |
_aMUNICIPALIDAD PROVINCIAL DEL CUSCO _cBIBLIOTECA MUNICIPAL DEL CUSCO |
||
| 082 |
_a348.685 / _bR21 / 1937 |
||
| 100 |
_aRamirez Otarola, Jorge _926969 |
||
| 245 | _aLegislación social peruana / | ||
| 260 |
_aLima : _bBarrantes Castro, _c1937. |
||
| 300 |
_a286 páginas ; _c24 cm. |
||
| 440 |
_aRevista de economía y finanzas _n4 _926970 |
||
| 505 | _aContenido : Constitución política -- Accidentes del trabajo -- Ley n° 1378 -- Ley n° 2290 -- Jurisprudencia -- Reglamentación de la ley de accidente del trabajo ... | ||
| 650 |
_aLegislación _92962 |
||
| 650 |
_aSocial _92020 |
||
| 650 |
_aPeruana _925277 |
||
| 942 |
_2ddc _cLIBROS |
||
| 945 | _arah | ||